Deseando amar : [características especiales] = Fa yeung nin wa /
Furkejuvvon:
| Eará dahkkit: | , , , , |
|---|---|
| Materiálatiipa: | |
| Giella: | eaŋgalasgiella |
| Almmustuhtton: |
París, Francia :
Kanpaï Productions,
2001, c2001
|
| Ráidu: | (Cine Asiático)
|
| Fáttát: | |
| Fáddágilkorat: |
Eai fáddágilkorat, Lasit vuosttaš fáddágilkora!
|
MARC
| LEADER | 00000ngm^a2200000^a^4500 | ||
|---|---|---|---|
| 001 | 000179318 | ||
| 005 | 20250521000000.0 | ||
| 009 | 20260310101820.687 | ||
| 037 | |a Acervo ITESO - Biblioteca | ||
| 041 | |a ING | ||
| 082 | |a 895. 1 |b WON V. 2 | ||
| 240 | 1 | 1 | |a [Deseando amar] |
| 245 | 0 | 0 | |a Deseando amar : |b [características especiales] = Fa yeung nin wa / |
| 264 | 4 | |a París, Francia : |b Kanpaï Productions, |c 2001, c2001 | |
| 264 | 2 | |a México : |b Zafra [distribución], |c copyright fecha no identificada | |
| 300 | |a 1 DVD región 4 (22, 18, 44 min.) : |b color | ||
| 336 | |a imagen móvil bidimensional |b tdi |2 rdacontenido | ||
| 337 | |a video |b v |2 rdamedio | ||
| 338 | |a videodisco |b vd |2 rdasoporte | ||
| 440 | 1 | |a (Cine Asiático) | |
| 545 | 0 | |a Wong Kar-wai (Shanghai, 1958 - ) es un cineasta, guionista y productor chino-hongkonés cuya filmografía se caracteriza por una inquietante estilización de sus imágenes así como por la intensa melancolía de sus historias de amor y desamor. Nacido en Shanghai, cuando tenía 5 años su familia huyó a Hong Kong (entonces un distrito británico) ante los peligros de la Revolución Cultural. La experiencia es relevante para entender la sensibilidad de sus personajes, marcados por la alineación y las impericias de los choques culturales y la diáspora china. Es conocido, además, por aventurarse en largos y agónicos rodajes, con guiones que escribe conforme a la marcha y la disposición de la historia, por la ralentización del tiempo en sus planos, así como el empleo de la técnica de jump-cut en el montaje para enfatizar la disociación que viven sus personajes.Su inconfundible estilo autoral se ensalza por la presencia de grandes estrellas de la industria del cine hongkonés, como Tony Leung, Maggie Cheung, Zhang Ziyi, Faye Wong, Chang Chen o Leslie Cheung, así como por la estrecha colaboración con su diseñador de vestuario y montajista William Chang, y los cinefotógrafos Andrew Lau y Christopher Doyle. En eventos públicos, siempre aparece con gafas oscuras, por lo que ha construido una mítica imagen alrededor de su persona. | |
| 546 | |a En inglés, con subtítulos opcionales: español | ||
| 649 | |a XX | ||
| 650 | |a Cineastas Hongkoneses - |x Entrevistas | ||
| 650 | |a Cineastas Chinos - |x Entrevistas | ||
| 650 | |a Making Of (Documentales detrás de Cámaras) | ||
| 650 | |a Cine Hongkonés - |x Historia y Crítica | ||
| 650 | |a Cine Hongkonés - |y 2000-2009 | ||
| 650 | |a Cine Hongkonés - |y Siglo XXI | ||
| 650 | |a Cine Chino - |x Historia y Crítica | ||
| 650 | |a Cine Chino - |y 2000-2009 | ||
| 650 | |a Cine Chino - |y Siglo XXI | ||
| 650 | |a Wong, Kar-wai - |x Tema Principal | ||
| 650 | |a Ciment, Michel | ||
| 700 | |a Wong, Kar-wai |e (autor) | ||
| 700 | |a Ciment, Michel |e (entrevista) | ||
| 700 | |a Niogret, Hubert |e (entrevista) | ||
| 700 | |a Niogret, Hubert |e (realización) | ||
| 700 | |a Letty, Philippe |e (montaje) | ||
| 740 | 0 | |a Entrevista con Wong Kar-wai = |b Wong Kar-Wai on In the Mood for Love / |c K.W. Wong ; entrevistado por M. Ciment, H. Niogret ; realización de H. Niogret. | |
| 740 | 0 | |a Detrás de las cámaras [de Deseando amar] = |b A Note on the Making of In the Mood for Love / | |
| 910 | |a Fondo General | ||
| 920 | |a Audiovisuales - DVDs | ||
| 940 | |a Películas | ||
| 905 | |a 302 | ||
| 901 | |a 0500368791 |b IT2 |c DVS |u 20250521 | ||
| 902 | |a https://opac.biblio.iteso.mx/vufind/Record/000179318 | ||